| 000 | 00601nam a2200181 i 4500 | ||
|---|---|---|---|
| 001 | 52548 | ||
| 003 | ES-MaACL | ||
| 005 | 20230906162612.0 | ||
| 007 | t| | ||
| 008 | 030901s1936 fr ||||1| fre d | ||
| 100 | 1 |
_aDavis, A. H. _942952 |
|
| 245 | 1 | 2 |
_aL'acustique moderne technique et industrielle / _cpar A.H. Davis ; traduit de l'anglais par M. Varinois ; preface de F. Canae. |
| 260 |
_aParis : _bDunod, _c1936 ( _eOrleans : _fImp. Henri Tessier) |
||
| 300 |
_aXIX, 422 p. : _bil. ; _c26 cm. |
||
| 700 | 1 |
_aVarinois, Maurice. _9113230 |
|
| 700 | 1 |
_aCanae, F. _934367 |
|
| 852 |
_aES-MaACL _jA-4292 |
||
| 999 |
_c52548 _d52548 |
||